Elenca la formazione - Finale UEFA Champions League 2001-2002 - Statistics

Statistiche generali
  • Questo quiz è stato fatto 29 volte
  • Il punteggio medio è 10 su 22
Statistiche sulle risposte
Ruolo Nazione Calciatore % Corretto
Attaccante Spagna Raúl
96%
Difensore Brasile Roberto Carlos
92%
Centrocampista Francia Zinédine Zidane
92%
Difensore Spagna Fernando Hierro
83%
Centrocampista Portogallo Luís Figo
75%
Attaccante Spagna Fernando Morientes
71%
Centrocampista Germania Michael Ballack
58%
Difensore Brasile Lúcio
54%
Centrocampista Francia Claude Makélélé
50%
Difensore Spagna Míchel Salgado
46%
Difensore Spagna Iván Helguera
42%
Portiere Germania Hans-Jörg Butt
33%
Ala Germania Bernd Schneider
25%
Centrocampista Argentina Santiago Solari
25%
Trequartista Turchia Yıldıray Baştürk
25%
Centrocampista Germania Carsten Ramelow
21%
Attaccante Germania Oliver Neuville
21%
Portiere Spagna César
17%
Difensore Croazia Boris Živković
13%
Difensore Argentina Diego Placente
13%
Ala Germania Thomas Brdarić
13%
Difensore Germania Zoltán Sebescen
13%
Nessun quiz corrispondente trovato
Distribuzione punteggi
Percentuale di utenti per punteggio
Percentile per numero di risposta
I tuoi punteggi nel tempo
Non hai fatto questo quiz